Statistics for Name the Metal Band

Click here to take the quiz!

General Stats

  • This quiz has been taken 2,032 times
  • The average score is 8 of 17

Answer Stats

HintAnswer% Correct
James HetfieldMetallica
95%
Corey TaylorSlipknot
92%
Serj TankianSystem of a Down
85%
Ronnie James DioDio
84%
Tom ArayaSlayer
72%
Jonathan DavisKorn
70%
Till LindemannRammstein
60%
Randy BlytheLamb of God
43%
Mikael ÅkerfeldtOpeth
39%
Chuck BillyTestament
33%
Joe DuplantierGojira
30%
Howard JonesKillswitch Engage
29%
Johan HeggAmon Amarth
26%
Anders FridénIn Flames
21%
Nathan ExplosionDethklok
19%
ZP TheartDragonforce
14%
Björn "Speed" StridSoilwork
11%

Score Distribution

Percentile by Number Answered

Percent of People with Each Score

Your Score History

You have not taken this quiz